Typing Error - Countries - Statistics

General Stats
  • This quiz has been taken 53 times
  • The average score is 14 of 15
Answer Stats
Wrong Correct % Correct
Chjna China
100%
Grwwce Greece
98%
Vanada Canada
93%
Mlalaysa Malaysia
93%
Nciairdgua Nicaragua
93%
Derbria Serbia
93%
Fominican reoublic Dominican Republic
91%
Nafagsscar Madagascar
91%
Dlovkaia Slovakia
91%
Tnanzajna Tanzania
91%
Sfjhahistsn Afghanistan
89%
Ctntral fsfrican rperhdbclic Central African Republic
89%
Ojilipoines Philippines
89%
Yurkmeusntan Turkmenistan
87%
Solkon oslamds Solomon Islands
85%
No matching quizzes found
Score Distribution
Percent of People with Each Score
Percentile by Number Answered
Your Score History
You have not taken this quiz